Come Over - Noah Kahan (All Lyrics) - Statistics

General Stats
  • This quiz has been taken 121 times
  • The average score is 238 of 268
Answer Stats
Lyrics % Correct
Come
98%
over
98%
the
98%
The
98%
I
96%
in
96%
In
96%
my
96%
My
96%
of
96%
a
94%
And
94%
I'm
94%
like
94%
to
94%
we
94%
when
94%
you
94%
You
94%
you,
94%
are
93%
be
93%
eyes
93%
go
93%
It
93%
it
93%
its
93%
kid
93%
know
93%
look
93%
on
93%
So
93%
street
93%
that
93%
was
93%
who
93%
But
91%
but
91%
have
91%
house
91%
is
91%
losin'
91%
mouth
91%
speak
91%
they
91%
won't
91%
your
91%
about
89%
business
89%
Don't
89%
don't
89%
interest
89%
sad
89%
there
89%
time
89%
buried
87%
coffin
87%
cryin'
87%
for
87%
got
87%
here,
87%
kinda
87%
leave
87%
there's
87%
windows,
87%
ain't
85%
at
85%
big
85%
designed
85%
out
85%
under
85%
cool
83%
Dow
83%
each
83%
fit
83%
foot
83%
garden
83%
kids
83%
process
83%
school
83%
bad
81%
darlin'
81%
family
81%
gonna
81%
much,
81%
Oh,
81%
other
81%
rich,
81%
speakin'
81%
tell
81%
want
81%
weather
81%
block
80%
cobwebs
80%
ever
80%
just
80%
mention
80%
people
80%
somebody
80%
barely
78%
clearin'
78%
enough
78%
feels
78%
fortress
78%
gets
78%
guess
78%
morning,
78%
profit
78%
promise
78%
Someday
78%
will
78%
back
76%
garage
76%
turn
76%
good
74%
takin'
74%
With
74%
crashed
72%
fallin',
72%
Jones
72%
market
72%
stock
72%
went
72%
wrong
72%
keeps
70%
view
70%
missin'
67%
we'll
67%
strike
65%
words,
63%
meds,
61%
dad'll
46%
Balch
37%
No matching quizzes found
Score Distribution
Percent of People with Each Score
Percentile by Number Answered
Your Score History
You have not taken this quiz